Little Dorrit /

Bibliographic Details
Main Author: Dickens, Charles, 1812-1870
Other Authors: Trilling, Lionel, 1905-1975, Browne, Hablot Knight, 1815-1882
Format: Book
Language:English
Published: Oxford ; New York : Oxford University Press, 1987
Series:Oxford illustrated Dickens.

MARC

Tag First Indicator Second Indicator Subfields
LEADER 00000cam a2200000 a 4500
001 in00000018835
005 20151007054058.0
008 871130r19871953enka 00011 eng d
020 |a 0192545124 
035 |a (OCoLC)17152444 
035 |9 AAB3912AM 
040 |a JDD  |c JDD  |d TXA  |d UtOrBLW 
049 |a TXAM  |c [A10989986] 
050 4 |a PR4562  |b .A1 1987 
100 1 |a Dickens, Charles,  |d 1812-1870. 
245 1 0 |a Little Dorrit /  |c by Charles Dickens ; with forty illustrations by 'Phiz' and an introd. by Lionel Trilling. 
264 1 |a Oxford ;  |a New York :  |b Oxford University Press,  |c 1987 
264 4 |c ©1953 
300 |a xxvi, 826 pages, 38 unnumbered leaves of plates :  |b illustrations ;  |c 19 cm. 
336 |a text  |b txt  |2 rdacontent 
337 |a unmediated  |b n  |2 rdamedia 
338 |a volume  |b nc  |2 rdacarrier 
490 1 |a The Oxford illustrated Dickens 
500 |a Reprint of the edition first published in 1953. 
700 1 |a Trilling, Lionel,  |d 1905-1975. 
700 1 |a Browne, Hablot Knight,  |d 1815-1882. 
830 0 |a Oxford illustrated Dickens. 
999 |a MARS 
999 f f |s aefc37d5-176c-32ee-86e0-e099bdad89d2  |i c33bc5a6-4830-30c4-8dbc-1b74aedfeca0  |t 0 
952 f f |p normal  |a Texas A&M University  |b College Station  |c Sterling C. Evans Library  |d Evans: Library Stacks  |t 0  |e PR4562 .A1 1987  |h Library of Congress classification  |i unmediated -- volume  |m A14810989986 
998 f f |a PR4562 .A1 1987  |t 0  |l Evans: Library Stacks